Pornography Law:/ (Record no. 207535)

MARC details
000 -LEADER
fixed length control field 00590nam a22001937a 4500
005 - DATE AND TIME OF LATEST TRANSACTION
control field 20241210170003.0
010 ## - LCCN (DPL NO)
LC control number ENG-142937
020 ## - INTERNATIONAL STANDARD BOOK NUMBER
International Standard Book Number 9788175349995
Terms of availability 225.00
035 ## - SYSTEM CONTROL NUMBER
System control number En-126469
037 ## - SOURCE OF ACQUISITION
Stock number DBAD
082 ## - DEWEY DECIMAL CLASSIFICATION NUMBER
Classification number 363.4
100 ## - MAIN ENTRY--PERSONAL NAME
Personal name Rajak, Brajesh
245 ## - TITLE STATEMENT
Title Pornography Law:/
Statement of responsibility, etc by Brajesh Rajak
Remainder of title XXX Must Not Be Toleraled/
250 ## - EDITION STATEMENT
Edition statement 1
260 ## - PUBLICATION, DISTRIBUTION, ETC. (IMPRINT)
Place of publication, distribution, etc Delhi
Name of publisher, distributor, etc Universal Law Publishing Co. Pvt. Ltd.
Date of publication, distribution, etc 2011
270 ## - ADDRESS
Address Universal Law Publishing Co. Pvt. Ltd.
City Delhi
Postal code 110001
300 ## - PHYSICAL DESCRIPTION
Extent xviii,187p.
Other physical details 24cm(Pb)
942 ## - ADDED ENTRY ELEMENTS (KOHA)
Source of classification or shelving scheme Dewey Decimal Classification
Item type English Books
Classification part 363.4
Call number suffix RAJ
Holdings
Withdrawn status Lost status Not for loan Collection code Home library Current library Date acquired Source of acquisition Cost, normal purchase price Full call number Barcode Copy number Cost, replacement price Koha item type
      Non-fiction R.K.Puram-8 R.K.Puram-8 10/12/2024 Delivery of Books Division 225.00 363.4 RAJ EN-126469 1 225.00 English Books

© Delhi Public Library
Hit Counter
free hit counter